日本の路線バス事業者 - Statistics

General Stats
  • This quiz has been taken 284 times
    201 since last reset
  • The average score is 84 of 441
Answer Stats
Answer % Correct
西武バス
72%
阪急バス
68%
京阪バス
67%
近鉄バス
66%
京成バス
65%
東京都交通局
63%
京王バス
63%
東急バス
63%
名鉄バス
63%
阪神バス
63%
小田急バス
61%
南海バス
61%
奈良交通
61%
三重交通
58%
京都市交通局
57%
神姫バス
55%
神奈川中央交通
53%
西日本鉄道
53%
大阪シティバス
52%
福島交通
51%
アルピコ交通
51%
北海道中央バス
48%
関東鉄道
48%
広島電鉄
48%
新潟交通
46%
道南バス
45%
横浜市交通局
45%
山梨交通
45%
富山地方鉄道
45%
名古屋市交通局
45%
近江鉄道
45%
神戸市交通局
45%
宗谷バス
44%
函館バス
44%
国際興業
44%
北陸鉄道
44%
伊予鉄バス
44%
宮崎交通
44%
仙台市交通局
43%
山交バス
43%
富士急バス
43%
茨城交通
42%
鹿児島交通
42%
相鉄バス
41%
長電バス
41%
しずてつジャストライン
41%
とさでん交通
41%
京浜急行バス
40%
遠州鉄道
40%
京都バス
40%
高槻市交通局
40%
宮城交通
39%
関東バス
39%
道北バス
38%
じょうてつ
38%
東武バスウエスト
38%
東武バスセントラル
38%
両備ホールディングス
38%
ことでんバス
38%
小湊鉄道
37%
京福バス
36%
山陽バス
36%
沖縄バス
36%
旭川電気軌道
35%
弘南バス
35%
岩手県交通
35%
西東京バス
35%
東海バス
35%
和歌山バス
35%
岡山電気軌道
35%
サンデン交通
35%
徳島バス
35%
十勝バス
34%
会津乗合自動車
34%
川崎市交通局
34%
福井鉄道
34%
伊豆箱根バス
34%
一畑バス
34%
大分交通
34%
ミヤコーバス
32%
朝日自動車
32%
熊本バス
32%
沿岸バス
31%
関東自動車
31%
防長交通
31%
鹿児島市交通局
31%
群馬バス
30%
越後交通
30%
豊鉄バス
30%
広島バス
30%
日本交通
30%
長崎県交通局
30%
南国交通
30%
下北交通
29%
箱根登山バス
29%
京阪京都交通
29%
伊丹市交通局
29%
広島交通
29%
岩手県北自動車
28%
江ノ電バス
28%
加越能バス
28%
大阪バス
28%
西鉄バス北九州
28%
くしろバス
27%
ジェイ・アール北海道バス
27%
秋田中央交通
27%
羽後交通
27%
秋北バス
27%
関越交通
27%
ジェイアールバス関東
27%
岐阜乗合自動車
27%
全但バス
27%
下津井電鉄
27%
九州産交バス
27%
大分バス
27%
根室交通
26%
新常磐交通
26%
江若交通
26%
西鉄バス久留米
26%
島原鉄道
26%
那覇バス
26%
JR九州バス
26%
八戸市交通部
25%
ジェイアールバス東北
25%
東日本旅客鉄道
25%
日本中央バス
25%
千葉交通
25%
立川バス
25%
湖国バス
25%
長崎自動車
25%
西武観光バス
24%
帝産湖南交通
24%
西鉄バス佐賀
24%
庄内交通
23%
東武バス日光
23%
川越観光自動車
23%
名阪近鉄バス
23%
東濃鉄道
23%
京都京阪バス
23%
神鉄バス
23%
日の丸自動車
23%
西肥自動車
23%
産交バス
23%
熊本都市バス
23%
阿寒バス
22%
伊那バス
22%
中鉄バス
22%
徳島市交通局
22%
北九州市交通局
22%
網走バス
21%
北海道拓殖バス
21%
北海道バス
21%
川崎鶴見臨港バス
21%
北鉄能登バス
21%
秋葉バスサービス
21%
知多乗合
21%
濃飛乗合自動車
21%
西日本ジェイアールバス
21%
淡路交通
21%
芸陽バス
21%
名士バス
20%
十和田観光電鉄
20%
群馬中央バス
20%
国際十王交通
20%
京王電鉄バス
20%
上田バス
20%
信南交通
20%
八風バス
20%
三岐鉄道
20%
丹後海陸交通
20%
中国バス
20%
鞆鉄道
20%
松江市交通局
20%
いわくにバス
20%
琴参バス
20%
宇和島自動車
20%
西鉄バス筑豊
20%
佐賀市交通局
20%
対馬交通
20%
熊本電気鉄道
20%
亀の井バス
20%
ニセコバス
19%
夕張鉄道
19%
南越後観光バス
19%
北鉄金沢バス
19%
京都交通
19%
南海りんかんバス
19%
宇野自動車
19%
昭和自動車
19%
東陽バス
19%
士別軌道
18%
千葉内陸バス
18%
九十九里鐵道
18%
成田空港交通
18%
銀河鉄道
18%
神奈川中央交通西
18%
新潟交通佐渡
18%
富士急静岡バス
18%
熊野御坊南海バス
18%
おのみちバス
18%
北海道北見バス
17%
空知中央バス
17%
青森市企業局
17%
船橋新京成バス
17%
京成タウンバス
17%
神奈川中央交通東
17%
新潟交通観光バス
17%
富士急シティバス
17%
中鉄北部バス
17%
西鉄バス大牟田
17%
琉球バス交通
17%
日光交通
16%
茨城急行自動車
16%
京成バスシステム
16%
松戸新京成バス
16%
ちばグリーンバス
16%
日東交通
16%
北鉄白山バス
16%
富士急モビリティ
16%
滋賀バス
16%
龍神自動車
16%
明光バス
16%
備北バス
16%
備北交通
16%
石見交通
16%
宇部市交通局
16%
ジェイアール四国バス
16%
瀬戸内海交通
16%
西鉄バス二日市
16%
堀川バス
16%
さいかい交通
16%
しまバス
16%
JRバス中国
16%
フジエクスプレス
15%
北鉄奥能登バス
15%
大阪市高速電気軌道
15%
和歌山バス那賀
15%
祐徳自動車
15%
東洋バス
14%
日立自動車交通
14%
千曲バス
14%
北鉄加賀バス
14%
南海ウイングバス
14%
井笠バスカンパニー
14%
瀬戸内運輸
14%
伊予鉄南予バス
14%
高知東部交通
14%
西鉄バス宗像
14%
壱岐交通
14%
日田バス
14%
北紋バス
13%
斜里バス
13%
あつまバス
13%
京成トランジットバス
13%
ちばフラワーバス
13%
ちばレインボーバス
13%
千葉中央バス
13%
東京ベイシティ交通
13%
阪東自動車
13%
草軽交通
13%
頚城自動車
13%
糸魚川バス
13%
北恵那交通
13%
エヌシーバス
13%
有田鉄道
13%
因の島バス
13%
ブルーライン交通
13%
四国交通
13%
五島自動車
13%
種子島・屋久島交通
13%
東運輸
13%
ふらのバス
12%
タケヤ交通
12%
上信観光バス
12%
永井運輸
12%
ちばシティバス
12%
頸南バス
12%
北港観光バス
12%
本四バス開発
12%
イーグルバス
11%
千葉海浜交通
11%
平和交通
11%
おんたけ交通
11%
尼崎交通事業振興
11%
神姫ゾーンバス
11%
阿佐海岸鉄道
11%
千歳相互観光バス
10%
愛子観光バス
10%
秋田中央トランスポート
10%
十王自動車
10%
大新東
10%
大鉄アドバンス
10%
ヤサカバス
10%
ウイング神姫
10%
広交観光
10%
瀬戸内産交
10%
船木鉄道
10%
高知西南交通
10%
大野竹田バス
10%
徳之島総合陸運
10%
やんばる急行バス
10%
美唄自動車学校
9%
椎名観光バス
9%
千葉シーサイドバス
9%
大島旅客自動車
9%
横浜交通開発
9%
掛川バスサービス
9%
名鉄東部交通
9%
大十バス
9%
エイチ・ディー西広島
9%
大川自動車
9%
大交北部バス
9%
丸建つばさ交通
8%
中央アルプス観光
8%
プリンセスライン
8%
水間鉄道
8%
四万十交通
8%
させぼバス
8%
網走観光交通
7%
矢島タクシー
7%
東頸バス
7%
三交伊勢志摩交通
7%
ケイルック
7%
宮古協栄バス
7%
仙台バス
6%
マイスカイ交通
6%
京成タクシー成田
6%
あすか交通
6%
三重急行
6%
みなと観光バス
6%
中紀バス
6%
徳島バス南部
6%
国東観光バス
6%
臼津交通
6%
中央交通
6%
カリー観光
6%
札幌ばんけい
5%
大利根交通自動車
5%
しおや交通
5%
ジャパンタローズ
5%
武蔵観光
5%
ライフバス
5%
埼玉観光
5%
八丈町
5%
頸北観光バス
5%
立山黒部貫光
5%
岸和田観光バス
5%
八晃運輸
5%
さんようバス
5%
奥出雲交通
5%
大和観光
5%
小豆島オリーブバス
5%
高知高陵交通
5%
太陽交通
5%
高崎観光バス
5%
南部交通
5%
沖永良部バス企業団
5%
新篠津交通
4%
東北アクセス
4%
桐生朝日自動車
4%
大和観光自動車
4%
メート―観光
4%
京成タクシー佐倉
4%
三宅村
4%
東信観光バス
4%
大和交通
4%
北辰バス
4%
美作共同バス
4%
江田島バス
4%
甘木観光バス
4%
三和交通
4%
下段モータース
3%
ボルテックスアーク
3%
グローバル交通
3%
なの花交通
3%
山万
3%
能登島交通
3%
日本平自動車
3%
フォーブル
3%
隠岐一畑交通
3%
せとうち周桑バス
3%
生月自動車
3%
玖珠観光バス
3%
和人組
3%
南陸運
3%
西表島交通
3%
東日本交通
2%
最上川交通
2%
ブルーバス
2%
協同観光バス
2%
中田商会
2%
栄和交通
2%
山梨峡北交通
2%
北日本観光自動車
2%
白鳥交通
2%
神戸六甲鉄道
2%
吉野大峰ケーブル自動車
2%
東備バス
2%
豊平交通
2%
総合企画コーポレーション
2%
君田交通
2%
六日市交通
2%
鬼ヶ島観光自動車
2%
中島汽船
2%
県交北部交通
2%
嶺北観光自動車
2%
黒岩観光
2%
宇久観光バス
2%
小値賀交通
2%
まつばんだ交通バス
2%
加計呂麻バス
2%
伊江島観光バス
2%
八千代バス・タクシー
2%
竹富島交通
2%
脇野沢交通
1%
東磐交通
1%
十和田タクシー
1%
昭和観光自動車
1%
つゝじ観光バス
1%
大成交通
1%
八幡観光バス
1%
彦根観光バス
1%
加茂観光バス
1%
西城交通
1%
大朝交通
1%
壬生交通
1%
八重タクシー
1%
三段峡交通
1%
加計交通
1%
隠岐海士交通
1%
マルイ観光バス
1%
北九西鉄タクシー
1%
姪浜タクシー
1%
諸塚交通
1%
共和バス
1%
東和町総合サービス公社
0%
金子建設
0%
高山運輸倉庫
0%
有本観光バス
0%
宗像西鉄タクシー
0%
No matching quizzes found
Score Distribution
Percent of People with Each Score
Percentile by Number Answered
Your Score History
You have not taken this quiz since the last reset